High Himalaya unknown valleys / (Record no. 128980)

MARC details
000 -LEADER
fixed length control field 00703nam a22002417a 4500
005 - DATE AND TIME OF LATEST TRANSACTION
control field 20170124110049.0
010 ## - LIBRARY OF CONGRESS CONTROL NUMBER
LC control number A-680562
020 ## - INTERNATIONAL STANDARD BOOK NUMBER
Terms of availability 00.00
International Standard Book Number 818582876
035 ## - SYSTEM CONTROL NUMBER
System control number A-680562
037 ## - SOURCE OF ACQUISITION
Source of stock number/acquisition Cen Lib/Ret
040 ## - CATALOGING SOURCE
Original cataloging agency DPL
Language of cataloging EN
082 ## - DEWEY DECIMAL CLASSIFICATION NUMBER
Classification number 796.522
Item number KAP
100 ## - MAIN ENTRY--PERSONAL NAME
Personal name Kapadia, Harish
9 (RLIN) 25006
245 ## - TITLE STATEMENT
Title High Himalaya unknown valleys /
Statement of responsibility, etc by Harish Kapadia
250 ## - EDITION STATEMENT
Edition statement 2nd ed
260 ## - PUBLICATION, DISTRIBUTION, ETC. (IMPRINT)
Place of publication, distribution, etc New Delhi
Name of publisher, distributor, etc Indus Publishing Company
Date of publication, distribution, etc 1994
270 ## - ADDRESS
Address FS-5,Tagore Garden
City New Delhi
Postal code 110027
300 ## - PHYSICAL DESCRIPTION
Extent 336p. :
Dimensions 20cm(Hb)
Other physical details ill.
500 ## - GENERAL NOTE
General note Includes index
650 ## - SUBJECT ADDED ENTRY--TOPICAL TERM
Topical term or geographic name as entry element Travel
9 (RLIN) 25007
650 ## - SUBJECT ADDED ENTRY--TOPICAL TERM
Topical term or geographic name as entry element Himalaya Mountains Region
9 (RLIN) 25008
942 ## - ADDED ENTRY ELEMENTS (KOHA)
Source of classification or shelving scheme Dewey Decimal Classification
Koha item type English Books
Classification part 796.522
Call number suffix KAP
Holdings
Withdrawn status Lost status Damaged status Not for loan Home library Current library Date acquired Source of acquisition Cost, normal purchase price Total Checkouts Full call number Barcode Date last seen Date checked out Copy number Cost, replacement price Price effective from Koha item type
        Central Library Central Library 04/07/2015 Cen Lib/Ret 0.00 1 796.522 KAP A-680562 01/08/2018 18/07/2018 1 0.00 04/07/2015 English Books

© Delhi Public Library
Hit Counter
free hit counter